Регионална библиотека "Любен Каравелов" - Русе

Лабораторен практикум по физика (Запис номер 131409)

MARC детайли
000 -Лидер
Контролно поле с фиксирана дължина 01335nam a2200337 c 4500
003 - Код на организацията, давaща контролен номер
Контролно поле BLK
005 - Дата и час на последна редакция
Контролно поле 20180422111549.0
008 - Елементи от данни с фиксирана дължина
fixed length control field 180409b bul|||||r ||||||| ||bul||
010 ## - Наследен системен номер
LC control number KNG00137226000
040 ## - Източник на каталожния запис
Идентификатор на билиотеката - собственик на записа BLK
041 ## - Код за език
Код за езика на текст/звукозапис или на отделно заглавие Български
Код за езика КДБФ Български
080 ## - УДК
Текстов определител УДК Физика
УДК код - определител по УДК 53
УДК определител (075.8)
УДК - код + определител 53(075.8)
139 ## - Редно поле
Редна дума Лабораторен практикум по физика
Авторски знак Ла - Л 12
245 10 - Сведения за заглавието
Заглавие Лабораторен практикум по физика
Редно поле (дума) състав. Георги Петров Георгиев.
250 ## - Област на изданието
Сведения за изданието 4. прераб. изд.
257 ## - Страна на издаване
Страна на създаване/издаване България
260 ## - Област на издателските данни
-- Русе
Име на издателя, разпространителя и проч. Русенски унив. Ангел Кънчев
Година на издаване 2003
300 ## - Физическа характеристика
Страници 154 с.
Илюстрации и др. с табл., черт.
Размери/Мащаб 20 см
380 ## - Жанр
Жанр Естествени науки. Математика
500 ## - Общи забележки
Забележка Изд. на РУ А. Кънчев - Русе. Кат. Физика. - 100 тир. - Библиогр. с. 150-151.
650 #4 - Допълнително описание по предмет – тема
Основно описание – тема или топоним Физика - учебници за ВУЗ
9 (RLIN) 241824
653 ## - Ключова дума – ненормативна
Ключова дума физика
653 ## - Ключова дума – ненормативна
Ключова дума лабораторни упражнения
653 ## - Ключова дума – ненормативна
Ключова дума учебници за ВУЗ
700 1# - Други автори (авторска отговорност)
Лично име Георгиев, Георги Петров
Автороска отговорност (Описва отношението между автора и произведението) състав.
9 (RLIN) 378232
852 ## - Местоположение
Форматна сигнатура Цб 257413
856 4# - Електронен адрес и достъп
Електронен формат pdf - файл
Път до файла /url/
856 4# - Електронен адрес и достъп
Електронен формат pdf - файл
Път до файла /url/
942 ## - АРТИКУЛИ
Вид на библиотечния материал Книги
Скрит в OPAC Не
944 ## - СЪЗДАВАНЕ И РЕДАКЦИЯ на ЗАПИСА
Създаване/Редакция Създаване
Дата на регистрацията/редакция 07.11.2008
Статус, дата на статуса ф /
Служител, извършил регистрацията/редакцията Людмила_Стоянова
944 ## - СЪЗДАВАНЕ И РЕДАКЦИЯ на ЗАПИСА
Създаване/Редакция Редакция
Дата на регистрацията/редакция 05.10.2017
Статус, дата на статуса ф /
Служител, извършил регистрацията/редакцията Людмила_Стоянова
999 ## - СИСТЕМНИ КОНТРОЛНИ НОМЕРА
Koha biblionumber 131409
Koha biblioitemnumber 131409
Наличности
Код за отписване Код за изгубен артикул Код за повреда Коз за рестрикции Код за отдаване Артикулен № Име на библиотеката - собственик Име на библиотеката, в която се намира в момента Статус (Текущо местоположение) Дата на вписване в системата Местоположение - отдел Цена в лева Инвентарен номер Систематично азбучна сигнатура Баркод Номер на екземпляра Цена в евро Служебна бележка Служебен тип на артикула Източник на класификационната схема
  Не е изгубен Не е повреден без рестрикции заемане за дома 214301 Регионална библиотека "Любен Каравелов" Русе Регионална библиотека "Любен Каравелов" Русе Заемна - подръчен фонд 2012-12-13 Заемна - подръчен фонд 6.00 120000762253 П 53(07)/Л 12 120000762253 1 3.07 Дост: DA Вид: А N: 24 Дата: 13.12.2012 Дата инв: 02.02.2018 Бележки инв: П2018 Книги  
  Не е изгубен Не е повреден без рестрикции заемане за дома 214302 Регионална библиотека "Любен Каравелов" Русе Регионална библиотека "Любен Каравелов" Русе Заемна - подръчен фонд 2013-12-09 Заемна - подръчен фонд 6.00 120000772902 53(07)/Л 12 120000772902 2 3.07 Дост: DA Вид: А N: 20 Дата: 09.12.2013 Дата инв: 02.02.2018 Бележки инв: П2018 Книги Universal Decimal Classification
  Не е изгубен Не е повреден без рестрикции ползва се в читалня 214303 Регионална библиотека "Любен Каравелов" Русе Регионална библиотека "Любен Каравелов" Русе Хранилище 2017-09-30 Основен фонд - ползва се само за читалня 6.00 120000815589 Цб 257413 120000815589 3 3.07 Дост: DA Вид: А N: 37 Дата: 30.09.2017 Книги  
Vip Innovations Ltd, Rousse, Bulgaria 2025